Normal view
MARC view
- Parvaz, Iltaf
Entry Personal Name
001 - CONTROL NUMBER
- control field: 16657
003 - CONTROL NUMBER IDENTIFIER
- control field: NUST
005 - DATE AND TIME OF LATEST TRANSACTION
- control field: 20190704054627.0
008 - FIXED-LENGTH DATA ELEMENTS
- fixed length control field: 190704|| aca||aabn | a|a d
040 ## - CATALOGING SOURCE
- Original cataloging agency: NUST
- Transcribing agency: NUST
100 ## - HEADING--PERSONAL NAME
- Personal name: Parvaz, Iltaf
670 ## - SOURCE DATA FOUND
- Source citation: Work cat.: (NUST): Parvaz, Iltaf, Azadi Kashmir /, 1982.
